Test Your Knowledge (God of War) - Statistics

General Stats
  • This quiz has been taken 581 times
  • The average score is 5 of 11
Answer Stats
Hint Answer % Correct
What norse god is Atreus? Loki
83%
Due to his appearance, what else is Kratos known as? The Ghost of Sparta
82%
What weapon does Ares give Kratos? Blades of Chaos
80%
What is Thanatos the god of? Death
62%
The Greek god of war games are narrated by which character? Gaia
48%
Who is the first god Kratos's recieves magic from? Poseidon
45%
Which god gives Kratos the power of Medusa? Aphrodite
32%
What is the name of Kratos' first wife? Lysandra
32%
What greets you before you pass the gates of athens? The Oracle
17%
What is the name of Medusa's Sister? Euryale
16%
After climbing out of Hades, what does Kratos get on to proceed? Pegasus
15%
No matching quizzes found
Score Distribution
Percent of People with Each Score
Percentile by Number Answered
Your Score History
You have not taken this quiz